000
00238nam a2200097Ia 4500
001
689913
005
20250826161806.0
008
250824s9999 xx 000 0 und d
245
0
_a
BEYHUDE ÖMRÜM
_c
MUSTAFA KUTLU
260
_b
DERGAH YAYINLARI
999
_c
689913
_d
689913